Name every NFL quarterback who started a game in 2024 by picture - Statistics

General Stats
  • This quiz has been taken 66 times
  • The average score is 40 of 48
Answer Stats
Picture Answer % Correct
Baker Mayfield
100%
Brock Purdy
96%
Aaron Rodgers
93%
Jalen Hurts
93%
Justin Herbert
93%
Patrick Mahomes
93%
Trevor Lawrence
93%
Gino Smith
91%
Jared Goff
91%
Jayden Daniels
91%
Jordan Love
91%
Kyler Murray
91%
Lamar Jackson
91%
Matthew Stafford
91%
C.J. Stroud
89%
Joe Burrow
89%
Russell Wilson
89%
Tua Tagovailoa
89%
Bo Nix
87%
Bryce Young
87%
Caleb Williams
87%
Dak Prescott
87%
Kirk Cousins
85%
Sam Darnold
85%
Josh Allen
84%
Joe Flacco
82%
Andy Dalton
80%
Anthony Richardson
80%
Daniel Jones
80%
Derek Carr
80%
Deshaun Watson
80%
Drake Maye
80%
Justin Fields
80%
Will Levis
78%
Cooper Rush
76%
Gardner Minshew
76%
Jameis Winston
76%
Mac Jones
76%
Drew Lock
75%
Jacoby Brissett
75%
Aiden O'Connell
73%
Tommy DeVito
73%
Spencer Rattler
69%
Brandon Allen
64%
Malik Willis
64%
Skylar Thompson
64%
Tyler Huntley
64%
Mason Rudolph
62%
No matching quizzes found
Score Distribution
Percent of People with Each Score
Percentile by Number Answered
Your Score History
You have not taken this quiz